<?xml version="1.0" encoding="UTF-8"?><?xml-stylesheet type="text/xsl" href="static/style.xsl"?><OAI-PMH xmlns="http://www.openarchives.org/OAI/2.0/" xmlns:xsi="http://www.w3.org/2001/XMLSchema-instance" xsi:schemaLocation="http://www.openarchives.org/OAI/2.0/ http://www.openarchives.org/OAI/2.0/OAI-PMH.xsd"><responseDate>2026-04-13T02:16:11Z</responseDate><request verb="GetRecord" identifier="oai:www.recercat.cat:2117/187409" metadataPrefix="marc">https://recercat.cat/oai/request</request><GetRecord><record><header><identifier>oai:recercat.cat:2117/187409</identifier><datestamp>2025-07-16T23:04:19Z</datestamp><setSpec>com_2072_1033</setSpec><setSpec>col_2072_452949</setSpec></header><metadata><record xmlns="http://www.loc.gov/MARC21/slim" xmlns:dcterms="http://purl.org/dc/terms/" xmlns:xsi="http://www.w3.org/2001/XMLSchema-instance" xmlns:doc="http://www.lyncode.com/xoai" xsi:schemaLocation="http://www.loc.gov/MARC21/slim http://www.loc.gov/standards/marcxml/schema/MARC21slim.xsd">
   <leader>00925njm 22002777a 4500</leader>
   <datafield ind2=" " ind1=" " tag="042">
      <subfield code="a">dc</subfield>
   </datafield>
   <datafield ind2=" " ind1=" " tag="720">
      <subfield code="a">Seyedan, S.</subfield>
      <subfield code="e">author</subfield>
   </datafield>
   <datafield ind2=" " ind1=" " tag="720">
      <subfield code="a">Solowski, W. T.</subfield>
      <subfield code="e">author</subfield>
   </datafield>
   <datafield ind2=" " ind1=" " tag="260">
      <subfield code="c">2017</subfield>
   </datafield>
   <datafield ind2=" " ind1=" " tag="520">
      <subfield code="a">Landslides and avalanches cause loss of lives, as well as generate significant economic cost. Protection barriers help reduce the impact of such events. However, the design of the barriers requires the prediction of the landslide flow trajectory and the estimation of impact force. Material Point Method appears to have great potential for estimating those, since it can account for large displacement nature of sediment flows and their nonlinear behaviour. Therefore, it may be able to capture the complex interaction of landslides or avalanches with the ground and structures. This study focuses on simulating granular flows with Generalized Interpolation Material Point Method. The calculations use a constitutive model inspired by the Bagnold theory of granular flow [1] to model sand landslide / avalanche experiment [2] with sand treated as a linear elasto-plastic material. Shown simulations aim was to replicate the experiment. In particular, the paper focuses on estimation of the impact force of sand flow on a fixed rigid wall. Such force estimation is a first step to validate the Generalized Interpolation Material Point Method for use as a tool for the design of barriers defending against landslides and avalanches.</subfield>
   </datafield>
   <datafield tag="653" ind2=" " ind1=" ">
      <subfield code="a">Àrees temàtiques de la UPC::Matemàtiques i estadística::Anàlisi numèrica::Mètodes en elements finits</subfield>
   </datafield>
   <datafield tag="653" ind2=" " ind1=" ">
      <subfield code="a">Finite element method</subfield>
   </datafield>
   <datafield tag="653" ind2=" " ind1=" ">
      <subfield code="a">Computational methods in mechanics</subfield>
   </datafield>
   <datafield tag="653" ind2=" " ind1=" ">
      <subfield code="a">Particle methods (Numerical analysis)</subfield>
   </datafield>
   <datafield tag="653" ind2=" " ind1=" ">
      <subfield code="a">Granular Materials, Sand Flow, Generalized Interpolation Material Point</subfield>
   </datafield>
   <datafield tag="653" ind2=" " ind1=" ">
      <subfield code="a">Elements finits, Mètode dels</subfield>
   </datafield>
   <datafield ind2="0" ind1="0" tag="245">
      <subfield code="a">Estimation of granular flow impact force on rigid wall using material point method</subfield>
   </datafield>
</record></metadata></record></GetRecord></OAI-PMH>